[Event "Rheinland Pfalz op 10th"]
[Site "Nickenich"]
[Date "2018.06.02"]
[Round "5"]
[White "Trepkowski, Piotr"]
[Black "Kopf, Rainer"]
[Result "0-1"]
[WhiteElo "1769"]
[BlackElo "1972"]
[PlyCount "66"]
[EventDate "2018.05.31"]
[EventType "swiss"]
[EventRounds "7"]
[EventCountry "GER"]
[SourceTitle "EXT 2019"]
[Source "ChessBase"]
[SourceDate "2018.10.10"]
[SourceVersion "1"]
[SourceVersionDate "2018.10.10"]
[SourceQuality "1"]

1. e4 g6 2. d4 c6 3. Nc3 d5 4. e5 h5 5. Bd3 Nh6 6. Nce2 Bg4 7. h3 Bxe2 8. Nxe2 e6 9. Nf4 Nf5 10. Bxf5 exf5 11. e6 Bd6 12. 0-0 Bxf4 13. exf7+ Kxf7 14. Bxf4 Re8 15. Qd2 Nd7 16. Rfe1 Qf6 17. Bg5 Qd6 18. Bf4 Qf6 19. Be3 Qd6 20. Re2 f4 21. Rf1 fxe3 22. fxe3+ Kg7 23. Ref2 Rf8 24. c4 Rxf2 25. Rxf2 Nf6 26. c5 Qe7 27. Rf3 Re8 28. b4 a6 29. a4 Ne4 30. Qc2 Ng5 31. Rg3 h4 32. Rg4 Qxe3+ 33. Kh1 Re4 0-1

[Event "Rheinland Pfalz op 10th"]
[Site "Nickenich"]
[Date "2018.05.03"]
[Round "7"]
[White "Trepkowski, Piotr"]
[Black "Fleuch, Hans Juergen"]
[Result "1-0"]
[WhiteElo "1769"]
[BlackElo "1995"]
[PlyCount "125"]
[EventDate "2018.05.31"]
[EventType "swiss"]
[EventRounds "7"]
[EventCountry "GER"]
[SourceTitle "EXT 2019"]
[Source "ChessBase"]
[SourceDate "2018.10.10"]
[SourceVersion "1"]
[SourceVersionDate "2018.10.10"]
[SourceQuality "1"]

1. e4 d6 2. d4 Nf6 3. Nc3 c6 4. f4 b5 5. Bd3 a6 6. e5 Nfd7 7. e6 Nf6 8. exf7+ Kxf7 9. Nf3 e6 10. 0-0 b4 11. Ng5+ Kg8 12. Nce4 g6 13. Bd2 Nxe4 14. Bxe4 d5 15. Bd3 Qf6 16. c3 c5 17. Qe2 cxd4 18. cxb4 Nc6 19. a3 h6 20. Nf3 Bd6 21. Rac1 Bb7 22. g3 Rh7 23. Rfe1 Re7 24. Nh4 g5 25. fxg5 hxg5 26. Ng6 e5 27. Nxe7+ Bxe7 28. Rf1 Qg7 29. Bf5 Nd8 30. Rc7 Bc6 31. Qh5 Bb5 32. Qf3 Bxf1 33. Qxd5+ Qf7 34. Qxa8 Bb5 35. Qe4 Bc6 36. Qxe5 Bf6 37. Rxf7 Bxe5 38. Ra7 Bb7 39. Rxb7 Nxb7 40. Bxg5 Nd6 41. Bd3 Nb5 42. Kf2 Kf7 43. Kf3 Ke6 44. h4 Kd5 45. a4 Nc7 46. b3 Bd6 47. Bd2 Ke6 48. h5 Kf6 49. g4 Ne6 50. Bxa6 Ng5+ 51. Ke2 Ne4 52. Be1 Ke5 53. h6 Kf4 54. Bc8 Be5 55. a5 Nd6 56. Bd7 Ke4 57. a6 d3+ 58. Kd1 Bd4 59. h7 Nf7 60. b5 Kd5 61. Bc6+ Kd6 62. Bg3+ Ke7 63. Bb8 1-0

[Event "Rheinland Pfalz op 9th"]
[Site "Lambsheim"]
[Date "2017.06.18"]
[Round "7"]
[White "Costea, Valerius"]
[Black "Trepkowski, Piotr"]
[Result "1-0"]
[WhiteElo "1929"]
[BlackElo "1786"]
[PlyCount "115"]
[EventDate "2017.06.15"]
[EventType "swiss"]
[EventRounds "7"]
[EventCountry "GER"]
[SourceTitle "CBM 178 Extra"]
[Source "ChessBase"]
[SourceDate "2017.06.22"]
[SourceVersion "1"]
[SourceVersionDate "2017.06.22"]
[SourceQuality "1"]

1. e4 e5 2. Nf3 Nc6 3. Bb5 a6 4. Ba4 Nf6 5. d3 d6 6. h3 Be7 7. 0-0 0-0 8. c3 b5 9. Bc2 Re8 10. Re1 Bf8 11. a4 b4 12. d4 bxc3 13. bxc3 Rb8 14. d5 Na5 15. Nbd2 Nd7 16. Nf1 Nc5 17. Be3 Bd7 18. Bxc5 dxc5 19. Ne3 g6 20. Nd2 Qg5 21. Qf3 Rb2 22. Rec1 Bh6 23. Nec4 Rbb8 24. Rcb1 Nxc4 25. Nxc4 Qe7 26. Rd1 Red8 27. Rab1 Bf8 28. Qg3 f6 29. Qd3 Qe8 30. Ra1 Kg7 31. g4 Bc8 32. Ne3 Bb7 33. Bb3 Bc8 34. Bc2 Bd6 35. Rdb1 Rxb1+ 36. Rxb1 Bd7 37. Qd1 Rb8 38. Rxb8 Qxb8 39. Qa1 Kf8 40. Nc4 Be7 41. Qa2 h5 42. f3 hxg4 43. hxg4 Kg7 44. Kg2 Bf8 45. Bd3 Kh7 46. g5 Be7 47. f4 exf4 48. gxf6 Bxf6 49. e5 Bh4 50. e6 Be8 51. Qe2 Qd8 52. Qh5+ Kg7 53. Qe5+ Qf6 54. Qxc7+ Kh6 55. Kf3 Bg3 56. Ne5 Qh4 57. Ng4+ Kg5 58. Qe5# 1-0

[Event "Rheinland Pfalz op 9th"]
[Site "Lambsheim"]
[Date "2017.06.16"]
[Round "3"]
[White "Thomsen, Phil"]
[Black "Trepkowski, Piotr"]
[Result "1-0"]
[WhiteElo "1994"]
[BlackElo "1786"]
[PlyCount "71"]
[EventDate "2017.06.15"]
[EventType "swiss"]
[EventRounds "7"]
[EventCountry "GER"]
[SourceTitle "CBM 178 Extra"]
[Source "ChessBase"]
[SourceDate "2017.06.22"]
[SourceVersion "1"]
[SourceVersionDate "2017.06.22"]
[SourceQuality "1"]

1. e4 e5 2. Nf3 Nc6 3. Bc4 Bc5 4. c3 Nf6 5. d3 a6 6. 0-0 0-0 7. Nbd2 d6 8. Bb3 Ba7 9. Re1 Ng4 10. Re2 Kh8 11. h3 Nh6 12. Nf1 f5 13. Bxh6 gxh6 14. Qd2 f4 15. d4 Qf6 16. Rd1 Na5 17. dxe5 dxe5 18. Qd5 Nc6 19. Red2 Bxh3 20. gxh3 Qg6+ 21. Kh1 Rg8 22. Qxg8+ Rxg8 23. Bxg8 Kxg8 24. Re2 Qe6 25. Rd5 Qxh3+ 26. N1h2 Kg7 27. Red2 Kf6 28. Rd7 Nd4 29. cxd4 Bxd4 30. Rxc7 h5 31. Nxd4 exd4 32. f3 Qg3 33. Rc1 Qg8 34. b3 Ke5 35. Rc5+ Kd6 36. Rd5+ 1-0

[Event "Krakow Malopolski-ch"]
[Site "Krakow"]
[Date "2015.05.01"]
[Round "7"]
[White "Chlebus, Roman"]
[Black "Trepkowski, Piotr"]
[Result "1/2-1/2"]
[WhiteElo "2093"]
[BlackElo "1755"]
[PlyCount "44"]
[EventDate "2015.04.26"]
[EventType "swiss"]
[EventRounds "9"]
[EventCountry "POL"]
[SourceTitle "CBM 166 Extra"]
[Source "ChessBase"]
[SourceDate "2015.06.18"]
[SourceVersion "1"]
[SourceVersionDate "2015.06.18"]
[SourceQuality "1"]

1. Nf3 d5 2. g3 Nf6 3. d4 g6 4. Bg2 Bg7 5. c4 0-0 6. 0-0 Nc6 7. Nc3 Re8 8. Bf4 dxc4 9. Nb5 Nd5 10. Ne5 Nxf4 11. gxf4 Nxe5 12. fxe5 c6 13. Na3 Be6 14. Rc1 Qb6 15. Nxc4 Qa6 16. Qc2 Red8 17. e3 Qxa2 18. Nd2 Qa5 19. Ne4 Bf5 20. Qb3 Qb6 21. Qc4 Bxe4 22. Bxe4 e6 1/2-1/2

[Event "Krakow Malopolski-ch"]
[Site "Krakow"]
[Date "2015.05.01"]
[Round "6"]
[White "Trepkowski, Piotr"]
[Black "Zaboklicki, Zbigniew"]
[Result "1-0"]
[WhiteElo "1755"]
[BlackElo "1836"]
[PlyCount "55"]
[EventDate "2015.04.26"]
[EventType "swiss"]
[EventRounds "9"]
[EventCountry "POL"]
[SourceTitle "CBM 166 Extra"]
[Source "ChessBase"]
[SourceDate "2015.06.18"]
[SourceVersion "1"]
[SourceVersionDate "2015.06.18"]
[SourceQuality "1"]

1. e4 c5 2. c3 Nf6 3. e5 Nd5 4. d4 cxd4 5. Nf3 e6 6. cxd4 d6 7. Bc4 Nb6 8. Bd3 d5 9. 0-0 Be7 10. Nc3 Nc6 11. Bf4 a6 12. Rc1 h6 13. Re1 g5 14. Be3 Nb4 15. Bb1 Nc4 16. Qe2 Nxe3 17. fxe3 Nc6 18. Rf1 Qa5 19. Nd2 Nd8 20. Qh5 Kd7 21. Nb3 Qb4 22. e4 dxe4 23. d5 Ke8 24. d6 Bf8 25. Bxe4 Bg7 26. Bg6 Rf8 27. Bxf7+ Kd7 28. Nd5 1-0

[Event "POL-chT3 Kujawsko Pomorskie 1213"]
[Site "Poland"]
[Date "2013.01.27"]
[Round "7.19"]
[White "Trepkowski, Piotr"]
[Black "Gorski, Leszek"]
[Result "1-0"]
[WhiteElo "1798"]
[BlackElo "2073"]
[PlyCount "49"]
[EventDate "2012.11.04"]
[EventType "team-tourn"]
[EventRounds "11"]
[EventCountry "POL"]
[SourceTitle "EXT 2015"]
[Source "ChessBase"]
[SourceDate "2014.11.20"]
[SourceVersion "1"]
[SourceVersionDate "2014.11.20"]
[SourceQuality "1"]
[WhiteTeam "Bydgoszcz Chemik II"]
[BlackTeam "Chojnice UKS Osemka"]
[WhiteTeamCountry "POL"]
[BlackTeamCountry "POL"]

1. e4 c5 2. d4 cxd4 3. c3 dxc3 4. Nxc3 Nc6 5. Bc4 d6 6. Nf3 e6 7. 0-0 a6 8. Qe2 b5 9. Bb3 Be7 10. Rd1 Qc7 11. Bf4 e5 12. Nd5 Qb7 13. Be3 Bd8 14. Rac1 Na5 15. Nc7+ Bxc7 16. Bd5 Qb8 17. Bxa8 Ne7 18. Bd5 0-0 19. b3 Nxd5 20. exd5 f5 21. Qc2 Rf7 22. Ng5 Re7 23. Ne6 Bxe6 24. dxe6 Nb7 25. Bg5 1-0

[Event "Rewal op-B 17th"]
[Site "Rewal"]
[Date "2012.08.??"]
[Round "2"]
[White "Trepkowski, Piotr"]
[Black "Steppuhn, Thomas"]
[Result "1/2-1/2"]
[WhiteElo "1786"]
[BlackElo "2039"]
[PlyCount "50"]
[EventDate "2012.08.20"]
[EventType "swiss"]
[EventRounds "9"]
[EventCountry "POL"]
[SourceTitle "EXT 2014"]
[Source "ChessBase"]
[SourceDate "2013.11.20"]
[SourceVersion "1"]
[SourceVersionDate "2013.11.20"]
[SourceQuality "1"]

1. e4 e6 2. d4 b6 3. Nf3 Bb7 4. Bd3 Nf6 5. e5 Ne4 6. 0-0 f5 7. exf6 Nxf6 8. c4 Bd6 9. Nc3 0-0 10. d5 exd5 11. cxd5 Qe8 12. Re1 Qh5 13. h3 Na6 14. a3 Nc5 15. Bc4 Rae8 16. Be3 Nce4 17. Nb5 a6 18. Nxc7 Bxc7 19. d6+ Bd5 20. Bxd5+ Nxd5 21. dxc7 Nxc7 22. Qxd7 Ne6 23. Rad1 Qg6 24. Ne5 Qf5 25. Nf3 Qg6 1/2-1/2

[Event "POL-chT3 Kujawsko Pomorskie 1011"]
[Site "Poland"]
[Date "2011.04.17"]
[Round "11.4"]
[White "Trepkowski, Piotr"]
[Black "Drozdowski, Kacper"]
[Result "0-1"]
[WhiteElo "1813"]
[BlackElo "2303"]
[PlyCount "58"]
[EventDate "2010.11.07"]
[EventType "team-tourn"]
[EventRounds "11"]
[EventCountry "POL"]
[SourceTitle "EXT 2019"]
[Source "ChessBase"]
[SourceDate "2018.10.10"]
[SourceVersion "1"]
[SourceVersionDate "2018.10.10"]
[SourceQuality "1"]

1. e4 c5 2. d4 cxd4 3. c3 dxc3 4. Nxc3 Nc6 5. Bc4 g6 6. Nf3 Bg7 7. Qd5 e6 8. Qd3 Nge7 9. Nb5 0-0 10. Nd6 Qa5+ 11. Bd2 Qc5 12. Be3 Qb4+ 13. Bd2 Qxb2 14. Rb1 Ne5 15. Nxe5 Qxe5 16. 0-0 Nc6 17. Rfd1 a6 18. Nxb7 Bxb7 19. Rxb7 Qh5 20. Bf4 Be5 21. Rxd7 Bxf4 22. Rxf7 Rxf7 23. Bxe6 Qxh2+ 24. Kf1 Qh1+ 25. Ke2 Qh5+ 26. g4 Qb5 27. Bc4 Ne5 28. Bxf7+ Kxf7 29. Qxb5 axb5 0-1

[Event "POL-chT3 Kujawsko Pomorskie 1011"]
[Site "Poland"]
[Date "2011.04.10"]
[Round "10.4"]
[White "Trepkowski, Piotr"]
[Black "Kulczyk, Pawel"]
[Result "1-0"]
[WhiteElo "1813"]
[BlackElo "2088"]
[PlyCount "45"]
[EventDate "2010.11.07"]
[EventType "team-tourn"]
[EventRounds "11"]
[EventCountry "POL"]
[SourceTitle "EXT 2019"]
[Source "ChessBase"]
[SourceDate "2018.10.10"]
[SourceVersion "1"]
[SourceVersionDate "2018.10.10"]
[SourceQuality "1"]

1. e4 c5 2. d4 cxd4 3. c3 dxc3 4. Nxc3 Nc6 5. Bc4 Nf6 6. Nf3 d6 7. 0-0 e6 8. Qe2 a6 9. Rd1 Qc7 10. Bf4 Ne5 11. Bxe5 dxe5 12. Rac1 Bd7 13. Bxe6 Bxe6 14. Nd5 Nxd5 15. exd5 Qe7 16. dxe6 Qxe6 17. Rc7 Bd6 18. Ng5 Qg6 19. Nxf7 Bxc7 20. Nxh8 Qf5 21. Qc4 Rd8 22. Re1 Bb6 23. Rxe5+ 1-0

[Event "Gora Sw Anny op 4th"]
[Site "Gora Sw Anny"]
[Date "2011.02.18"]
[Round "8"]
[White "Trepkowski, Piotr"]
[Black "Tymrakiewicz, Rafal"]
[Result "0-1"]
[WhiteElo "1813"]
[BlackElo "2321"]
[PlyCount "44"]
[EventDate "2011.02.12"]
[EventType "swiss"]
[EventRounds "9"]
[EventCountry "POL"]
[SourceTitle "CBM 140 Extra"]
[Source "ChessBase"]
[SourceDate "2011.03.01"]
[SourceVersion "1"]
[SourceVersionDate "2011.03.01"]
[SourceQuality "1"]

1. e4 d5 2. exd5 Nf6 3. Bb5+ Nbd7 4. Nc3 g6 5. Nf3 Bg7 6. 0-0 0-0 7. d4 Nb6 8. h3 Nbxd5 9. Re1 Nxc3 10. bxc3 c5 11. Rb1 Qa5 12. Rxe7 Nd5 13. Re8 Rxe8 14. Bxe8 Be6 15. Bxf7+ Bxf7 16. Rxb7 Nxc3 17. Qd3 c4 18. Qe3 Re8 19. Ne5 Bxe5 20. dxe5 Qxe5 21. Qxa7 Nb5 22. Qe3 Qd5 0-1

[Event "Gora Sw Anny op 4th"]
[Site "Gora Sw Anny"]
[Date "2011.02.12"]
[Round "2"]
[White "Frink, Ferenc"]
[Black "Trepkowski, Piotr"]
[Result "0-1"]
[WhiteElo "2217"]
[BlackElo "1813"]
[PlyCount "80"]
[EventDate "2011.02.12"]
[EventType "swiss"]
[EventRounds "9"]
[EventCountry "POL"]
[SourceTitle "CBM 140 Extra"]
[Source "ChessBase"]
[SourceDate "2011.03.01"]
[SourceVersion "1"]
[SourceVersionDate "2011.03.01"]
[SourceQuality "1"]

1. e4 e5 2. f4 exf4 3. Nf3 d6 4. Bc4 h6 5. 0-0 g5 6. d4 Bg7 7. c3 Nc6 8. g3 g4 9. Bxf4 gxf3 10. Qxf3 Nf6 11. e5 Bg4 12. Qg2 dxe5 13. dxe5 Nh5 14. Bxf7+ Kxf7 15. Bg5+ Bf6 16. Bxf6 Nxf6 17. Rxf6+ Kg7 18. Nd2 Rf8 19. Raf1 Qe7 20. Qe4 Nxe5 21. R6f4 Rxf4 22. Rxf4 Nf3+ 23. Kg2 Qxe4 24. Rxe4 Bf5 25. Re7+ Kf6 26. Re2 Nxd2 27. Rxd2 Re8 28. Kf3 h5 29. Rd4 Bg4+ 30. Kf4 Re2 31. Rb4 Rxh2 32. Rxb7 Rf2+ 33. Ke3 Rf3+ 34. Ke4 Rxg3 35. Rxc7 Rg2 36. Kf4 Rf2+ 37. Kg3 Rxb2 38. Rxa7 Rc2 39. Ra6+ Ke5 40. a4 Rxc3+ 0-1

[Event "POL-chT3 Kujawsko Pomorskie 1011"]
[Site "Poland"]
[Date "2011.01.09"]
[Round "4.4"]
[White "Trepkowski, Piotr"]
[Black "Tadzik, Bogdan"]
[Result "1-0"]
[WhiteElo "1813"]
[BlackElo "1727"]
[PlyCount "65"]
[EventDate "2010.11.07"]
[EventType "team-tourn"]
[EventRounds "11"]
[EventCountry "POL"]
[SourceTitle "EXT 2019"]
[Source "ChessBase"]
[SourceDate "2018.10.10"]
[SourceVersion "1"]
[SourceVersionDate "2018.10.10"]
[SourceQuality "1"]

1. e4 e5 2. Nf3 Nc6 3. Bc4 Be7 4. d4 d6 5. d5 Nb8 6. Nc3 Nf6 7. 0-0 0-0 8. h3 Nbd7 9. Qe2 Re8 10. a3 a5 11. Bb5 Bf8 12. Be3 g6 13. Qc4 Re7 14. Bg5 Bg7 15. Rfd1 h6 16. Be3 Nh5 17. g3 f6 18. Qe2 Qf8 19. Nh4 Qf7 20. Qf3 Nf8 21. g4 g5 22. gxh5 gxh4 23. Kh2 Nh7 24. Bd3 Ng5 25. Bxg5 hxg5 26. Rg1 Kh7 27. Nd1 Kh6 28. Be2 f5 29. Qg2 Bf6 30. exf5 Bxf5 31. Ne3 Qh7 32. Rad1 Rg8 33. Qf3 1-0

[Event "POL-chT3 Kujawsko Pomorskie 0910"]
[Site "Poland"]
[Date "2010.02.21"]
[Round "8.33"]
[White "Krainski, Jaroslaw"]
[Black "Trepkowski, Piotr"]
[Result "1-0"]
[WhiteElo "2094"]
[BlackElo "1833"]
[PlyCount "123"]
[EventDate "2009.11.08"]
[EventType "team-tourn"]
[EventRounds "11"]
[EventCountry "POL"]
[SourceTitle "EXT 2020"]
[Source "ChessBase"]
[SourceDate "2019.10.17"]
[SourceVersion "1"]
[SourceVersionDate "2019.10.17"]
[SourceQuality "1"]

1. e4 e5 2. f4 exf4 3. Nf3 d6 4. d4 g5 5. h4 g4 6. Ng1 Bh6 7. Nc3 Nc6 8. Nge2 f3 9. Nf4 f2+ 10. Kxf2 g3+ 11. Kxg3 Nf6 12. Be2 Ng4 13. Bxg4 Rg8 14. Kf2 Bxg4 15. Qd3 Qd7 16. Nfd5 Bg7 17. Bg5 f6 18. Bf4 0-0-0 19. Nb5 f5 20. Qc4 fxe4 21. Nxa7+ Kb8 22. Nxc6+ bxc6 23. Nb4 Bxd4+ 24. Qxd4 c5 25. Na6+ Ka7 26. Nxc5 e3+ 27. Bxe3 Qf5+ 28. Ke1 dxc5 29. Qxc5+ Qxc5 30. Bxc5+ Kb7 31. Rf1 Rde8+ 32. Kd2 Re2+ 33. Kc3 Bh5 34. Rf2 Rg3+ 35. Kb4 Rxf2 36. Bxf2 Rxg2 37. Be1 Rxc2 38. Bc3 Rf2 39. Rh1 Rf4+ 40. Kc5 Bf3 41. Rh2 c6 42. Be5 Rf5 43. Kd6 Bd5 44. b4 Rh5 45. a4 Bb3 46. a5 Ba4 47. Ke6 Bb5 48. Bf6 Bc4+ 49. Kd7 Rd5+ 50. Ke8 Rb5 51. Be7 Re5 52. Rg2 Ka6 53. Rg7 Bd3 54. Kd7 Be4 55. Kc7 Rh5 56. Rg8 Bd3 57. Ra8+ Kb5 58. Rb8+ Ka6 59. Bc5 Rxh4 60. Rb6+ Ka7 61. Rxc6+ Ka8 62. Rb6 1-0